Citations DDFC - Statistiques

Statistiques générales
  • Ce quiz a été pris 9 fois
    8 depuis la dernière actualisation
  • Le résultat moyen est 2 sur 20
Statistiques - réponses
Catégories Texte Citations % Correct
Différentes adresses Les droits de la Femme Homme, es tu capable d’être juste ?
50%
Pastiche Art 1 La femme naît libre et demeure égale à l’homme en droits.
33%
Impératif Postambule (1) reconnais
33%
Impératif Postambule (1) réveille-toi
33%
Différentes adresses Postambule (1) Femme, réveille toi, le tocsin de la raison se fait entendre dans tout l’univers ; reconnais tes droits.
17%
Différentes adresses Sous-Titre à décréter par l’Assemblée Nationale
0%
Diatribe Les droits de la Femme Bizarre, aveugle, boursouflé de sciences et dégénéré
0%
Répercution Préambule Considérant que l'ignorance, l’oublie ou le mépris des droits de la femme, sont les seules causes des malheurs publics et de la corruption des gouvernements.
0%
Aspect Politique Préambule demandent d’être constituées en Assemblée nationale
0%
Aspect Familial et biologique Préambule femme, mère soeur
0%
Diatribe Les droits de la Femme Homme, es-tu capable d’être juste ? […] Dis-moi ? Qui t’a donné le souverain empire d’opprimer mon sexe ? Ta force ? Tes talents ?
0%
Ses idées novatrices Art 10 La femme a le droit de monter sur l’échafaud ; elle doit avoir également celui de la tribune.
0%
Répercution Préambule les droits naturels, inaliénables et sacrés de la femme
0%
Aspect Familial et biologique Préambule le sexe supérieur en beauté comme en courage, dans les souffrances maternelles
0%
Aspect Familial et biologique Préambule Mères, filles, soeurs
0%
Différentes adresses Adresse à la Reine Mon but, Madame, est de vous parler franchement
0%
Ses idées novatrices Postambule (2) Nous nous obligeons également, en cas de séparation, de faire le partage de notre fortune.
0%
Différentes adresses Postambule (1) Ô femmes ! Femmes, quand cesserez-vous d’être aveugle ?
0%
Aspect Politique Préambule représentantes de la nation
0%
Diatribe Postambule (1) vous n'avez régné que sur la faiblesse des Hommes
0%
Aucun quiz correspondant
Distribution des résultats
% des personnes avec chaque résultat
Percentile par nombre de réponses
Votre historique - résultats
Vous n’avez pas pris ce quiz depuis la dernière actualisation